000 00243nam a2200097Ia 4500
001 650800
005 20250826154406.0
008 250824s9999 xx 000 0 und d
245 0 _aIKIZLER OKULDA 4 İKİNCİ SINIF
_cENID BLYTON
260 _bDOĞAN
999 _c650800
_d650800